| 000 | 00557nam a2200217Ia 4500 | ||
|---|---|---|---|
| 005 | 20221014125802.0 | ||
| 008 | 131103s9999 xx 000 0 und d | ||
| 020 | _aSBN061317403 | ||
| 040 | _aLoreto College | ||
| 041 | _aEnglish | ||
| 082 |
_a153.9 _bBUT |
||
| 100 | _aButcher, H. J. | ||
| 245 |
_aHuman intelligence _b its nature and assessment _cH. J. Butcher |
||
| 260 |
_aNew York _bHarper & Row _c1973 |
||
| 300 | _a343p | ||
| 630 | _aPsychology | ||
| 650 | _aIntelligence | ||
| 651 | _aHuman intelligence | ||
| 850 | _aLCLIB | ||
| 942 | _cBK | ||
| 999 |
_c19292 _d69771 |
||